| 000 | 01535nam a22003974i 4500 | ||
|---|---|---|---|
| 999 |
_c64515 _d64515 |
||
| 001 | 12595549 | ||
| 003 | CO-MdFUSB | ||
| 005 | 20180908102307.0 | ||
| 008 | 011121s2002 cau b 001 0 eng | ||
| 010 | _a 2001007502 | ||
| 020 | _a0787956325 (alk. paper) | ||
| 040 |
_aDLC _dDLC _bspa _cCO-MdFUSB _erda |
||
| 041 | _aeng | ||
| 042 | _apcc | ||
| 082 | 0 | 0 |
_a371.1 _223 _bST884 |
| 245 | 0 | 0 |
_aStories of the courage to teach _b: honoring the teacher's heart _c/ editor Sam M. Intrator ; prefacio por Parker J. Palmer. |
| 250 | _aPrimera edición | ||
| 264 |
_aSan Francisco : _bJossey-Bass, _c℗[2002] |
||
| 264 | _c©2002 | ||
| 300 |
_aliii, 339 páginas ; _c24 cm. |
||
| 336 |
_2rdacontent _atexto _btxt |
||
| 337 |
_2rdamedia _asin mediación _bn |
||
| 338 |
_2rdacarrier _avolumen _bnc |
||
| 505 | _al. Girando hacia adentro: manteniendo nuestros propios corazones -- ll. Alcanzando: Forjando relaciones que sostienen nuestros corazones -- lll. Hacer cambios: reformas que honran el corazón del maestro -- lV. Corazón rejuvenecido: el coraje de enseñar un programa | ||
| 563 | _aTapa dura | ||
| 650 | 0 |
_aEducación _9984 |
|
| 653 | _aMaestro | ||
| 653 | _aEnseñar | ||
| 700 | 1 |
_aIntrator, Sam M. _deditor |
|
| 720 | _aPalmer, Parker J. | ||
| 906 |
_a7 _bcbc _corignew _d1 _eecip _f20 _gy-gencatlg |
||
| 942 | _cBK | ||